000
00340 a2200157 4500
001
149280
040
_c
Escola São Tomás de Aquino
100
_a
ABRAMOVICH, Fanny
240
1
0
_a
Detonando o som
_l
por
245
1
0
_a
Detonando o som
300
_a
40
362
0
_a
2000
440
1
_a
FTD
697
_a
*LITERATURA INFANTO
942
_c
BK
999
_c
149280
_d
149280